000 00797nam a2200265Ia 4500
003 OSt
005 20220928115516.0
006 a|||||r|||| 00| 0
007 ta
008 220927b |||||||| |||| 00| 0 eng d
020 _c1295
024 _a105584
037 _b547, 01/02/2010, Pioneer Book Distributors
_cTextual
040 _aSDCL
_cSDCL
_beng
041 _2eng
_aeng
082 _aX9(F55), P9
100 _aDiwan Parag Ed.
_9444635
245 0 _aEnergy economics.
260 _aNew Delhi
_bPentagon Energy Press
_c2009
300 _axi,231p
_ccm.
650 _aBuisness Economics
700 _a Shah Chirag Ed.
_9444636
942 _hX9(F55), P9
_cTEXL
_2CC
999 _c759692
_d759692